Spotrebiteľské správanie a spokojnosť návštevníkov s produktom vybraných folklórnych festivalov na Slovensku
Vybrané tradičné folklórne festivaly s vysokou návštevnosťou a nadnárodným významom. Tvorba produktu tradičných folklórnych festivalov. Spokojnosť návštevníkov.
Saved in:
| Main Author: | |
|---|---|
| Other Authors: | |
| Format: | Book Chapter |
| Language: | English |
| Subjects: | |
| Tags: |
No Tags, Be the first to tag this record!
|
MARC
| LEADER | 00000naa a2200000 4500 | ||
|---|---|---|---|
| 001 | 0282636 | ||
| 005 | 20240417075158.1 | ||
| 041 | 0 | |a eng | |
| 044 | |a SK | ||
| 245 | 1 | 0 | |a Spotrebiteľské správanie a spokojnosť návštevníkov s produktom vybraných folklórnych festivalov na Slovensku |c Andrej Malachovský, Maroš Trnik |
| 520 | |a Vybrané tradičné folklórne festivaly s vysokou návštevnosťou a nadnárodným významom. Tvorba produktu tradičných folklórnych festivalov. Spokojnosť návštevníkov. | ||
| 610 | 2 | 0 | |a správanie |
| 610 | 2 | 0 | |a ruch cestovný |
| 610 | 2 | 0 | |a správanie spotrebiteľa |
| 610 | 2 | 0 | |a spokojnosť zákazníkov |
| 610 | 2 | 0 | |a produkty |
| 610 | 2 | 0 | |a Slovensko |
| 100 | 1 | |a Malachovský, Andrej | |
| 700 | 1 | |a Trnik, Maroš | |